Skill acquisition and firm creation in transition economies

Salvato in:
Dettagli Bibliografici
Autore principale: Brixiova, Zuzana
Altri autori: Li, Wenli, Yousef, Tarik
Natura: Libro
Lingua:inglese
Pubblicazione: Washington International Monetary Fund 1999
Serie:IMF Working Paper WP/99/130
Soggetti:
Tags: Aggiungi Tag
Nessun Tag, puoi essere il primo ad aggiungerne!!

MARC

LEADER 00000nam a2200000 4500
001 c123793
005 20221221083606.8
041 0 |a eng 
044 |a US 
245 1 0 |a Skill acquisition and firm creation in transition economies  |c Zuzana Brixiova, Wenli Li and Tarik Yousef 
264 1 |a Washington  |b International Monetary Fund  |c 1999 
300 |a 31 s. 
490 1 |a IMF Working Paper  |v WP/99/130 
830 0 |a IMF Working Paper  |v WP/99/130 
610 2 0 |a kvalifikácia 
610 2 0 |a firmy 
610 2 0 |a transformácia 
610 2 0 |a SVE 
610 2 0 |a podnikanie 
610 2 0 |a založenie podniku 
100 1 |a Brixiova, Zuzana 
700 1 |a Li, Wenli 
700 1 |a Yousef, Tarik